Πρακτικές και θεωρητικές γνώσεις μηχανικού και αρχιμηχανικού

Αποθηκεύτηκε σε:
Λεπτομέρειες βιβλιογραφικής εγγραφής
Κύριος συγγραφέας: Χατζίδης, Παντελής
Μορφή: Βιβλίο
Γλώσσα:Greek
Δημοσίευση: Πειραιάς : Εμμανουήλ Ν. Σταυριδάκης, [19--]
Θέματα:
Ετικέτες: Προσθήκη ετικέτας
Δεν υπάρχουν, Καταχωρήστε ετικέτα πρώτοι!

MARC

LEADER 00000nam a2200000 i 4500
001 1/11243
008 000911q gre d
035 |l 10063760 
040 |a GR-MY-UA  |b gre  |e aacr 
041 0 |a gre 
082 0 |a 623.888 
100 1 |a Χατζίδης, Παντελής. 
245 1 0 |a Πρακτικές και θεωρητικές γνώσεις μηχανικού και αρχιμηχανικού /  |c Παντελής Χατζίδης 
260 |a Πειραιάς :   |b Εμμανουήλ Ν. Σταυριδάκης,   |c [19--] 
300 |a xvi, 286 σ.;  |c 25 cm 
650 0 0 |a Merchant mariners. 
650 0 0 |a Shipping. 
650 0 0 |a Ships  |x Manning. 
852 |a INST  |b CHIOS  |e 20001002  |h 623.888 ΧΑΤ  |p 005200017701  |q 005200017701  |t BK  |y 0 
852 |a INST  |b CHIOS  |e 20000911  |h 623.888 ΧΑΤ  |p 005200018039  |q 005200018039  |t BK  |y 0 
901 |a BIBL2-2000-3 
909 |a Χ  |b 075807 
909 |a Χ  |b 076023 
920 |a ΤΜΗΜΑ ΝΑΥΤΙΛΙΑΣ ΚΑΙ ΕΠΙΧΕΙΡΗΜΑΤΙΚΩΝ ΥΠΗΡΕΣΙΩΝ  |y ΧΙΟΣ  |z 2000-03 
970 |z 2000/09/LITSA